Harry Maguire quiz - Statistics

General Stats
  • This quiz has been taken 10 times
  • The average score is 9 of 20
Answer Stats
Hint Answer % Correct
How many goals did Maguire score in the 2019–20 Premier League season 1
100%
What year was Harry Maguire born 1993
88%
What shirt number does Harry Maguire wear for Manchester United 5
88%
How many goals did Maguire score for Leicester City in the Premier League 5
88%
Which foot is Maguire’s dominant foot Right
75%
What number did Maguire wear for England during the 2018 World Cup 6
63%
Where was Harry Maguire born Sheffield
50%
Which club did Harry Maguire begin his professional career Sheffield United
50%
When did Harry Maguire make his debut for the England senior national team 2017
38%
Which team did Maguire score his first Premier League goal for Leicester City Manchester United
38%
Which club did Maguire join on loan while at Hull City Wigan Athletic
38%
What number shirt did Maguire wear at Leicester City 15
25%
Which manager signed Maguire for Leicester City Craig Shakespeare
25%
Which Hull City manager signed Harry Maguire in 2014 Steve Bruce
25%
How many appearances did Maguire make for Sheffield United 166
13%
What shirt number did Maguire wear at Wigan Athletic during his loan spell in 2015 33
13%
Who did Maguire score against in his only goal of the 2019–20 Premier League season Chelsea
13%
What’s the name of Harry Maguire’s wife Fern Hawkins
13%
Who did Maguire replace when he made his England debut vs Lithuania John Stones
13%
Which club did Harry Maguire score his first Manchester United goal against Tranmere Rovers
13%
No matching quizzes found
Score Distribution
Percent of People with Each Score
Percentile by Number Answered
Your Score History
You have not taken this quiz